La prórroga de las sociedades de responsabilidad limitada (Registro nro. 27603)

Detalles MARC
000 -LEADER
fixed length control field 00397 a2200121 4500
001 - CONTROL NUMBER
control field ART_18761
005 - DATE AND TIME OF LATEST TRANSACTION
control field 20260410161920.0
008 - FIXED-LENGTH DATA ELEMENTS--GENERAL INFORMATION
fixed length control field 260409a
100 1# - MAIN ENTRY--PERSONAL NAME
Personal name Escuti, Ignacio A. (h)
245 10 - TITLE STATEMENT
Title La prórroga de las sociedades de responsabilidad limitada
700 1# - ADDED ENTRY--PERSONAL NAME
Personal name Bisio de Viano, María Isabel
773 0# - HOST ITEM ENTRY
Title La información
Related parts - Tomo XXXVII, Nº 579 (mar. 1978)
Record control number REV14902

No hay ítems disponibles.